Detalles MARC
| 000 -LEADER |
| fixed length control field |
01196nam a2200325 i 4500 |
| 001 - CONTROL NUMBER |
| control field |
000017830 |
| 003 - CONTROL NUMBER IDENTIFIER |
| control field |
DO-SdBNP |
| 005 - DATE AND TIME OF LATEST TRANSACTION |
| control field |
20230714102309.0 |
| 007 - PHYSICAL DESCRIPTION FIXED FIELD--GENERAL INFORMATION |
| fixed length control field |
ta |
| 008 - FIXED-LENGTH DATA ELEMENTS--GENERAL INFORMATION |
| fixed length control field |
100406s2018 dr c 000 0 spa d |
| 020 ## - INTERNATIONAL STANDARD BOOK NUMBER |
| International Standard Book Number |
9781935892977 |
| 040 ## - CATALOGING SOURCE |
| Original cataloging agency |
DO-SdBNP |
| Language of cataloging |
spa |
| Transcribing agency |
BPMSU |
| Description conventions |
rda |
| 082 #4 - DEWEY DECIMAL CLASSIFICATION NUMBER |
| Classification number |
928 |
| Item number |
B957V 2018 |
| Edition number |
22 |
| 100 1# - MAIN ENTRY--PERSONAL NAME |
| Personal name |
Vicioso, Sherezada, |
| Dates associated with a name |
1948- |
| 245 10 - TITLE STATEMENT |
| Title |
Julia de Burgos en Santo Domingo/ |
| Statement of responsibility, etc. |
Sherezada Vicioso; editor Pablo Marcial Ortiz Ramos |
| 264 ## - PRODUCTION, PUBLICATION, DISTRIBUTION, MANUFACTURE, AND COPYRIGHT NOTICE |
| Place of production, publication, distribution, manufacture |
Santo Domingo : |
| Name of producer, publisher, distributor, manufacturer |
Archivo General de la Nación, |
| Date of production, publication, distribution, manufacture, or copyright notice |
2018 |
| 300 ## - PHYSICAL DESCRIPTION |
| Extent |
182 paginas : |
| Other physical details |
ilustraciones ; |
| Dimensions |
24 cm. |
| 336 ## - CONTENT TYPE |
| Source |
rdacontent |
| Content type term |
texto |
| Content type code |
txt |
| 337 ## - MEDIA TYPE |
| Source |
rdamedia |
| Media type term |
sin mediación |
| Media type code |
n |
| 338 ## - CARRIER TYPE |
| Source |
rdacarrier |
| Carrier type term |
volumen |
| Carrier type code |
nc |
| 500 ## - GENERAL NOTE |
| General note |
Incluye datos biográficos de la autora en las solapas |
| 590 ## - LOCAL NOTE (RLIN) |
| Local note |
Inventariado, 2023 / VM |
| 600 14 - SUBJECT ADDED ENTRY--PERSONAL NAME |
| Personal name |
Burgos, Julia de, |
| Dates associated with a name |
1914-1953 |
| Form subdivision |
Crítica e interpretación |
| 600 10 - SUBJECT ADDED ENTRY--PERSONAL NAME |
| Personal name |
Bosch, Juan, |
| Dates associated with a name |
1909-2001 |
| Form subdivision |
Entrevistas |
| 600 14 - SUBJECT ADDED ENTRY--PERSONAL NAME |
| Personal name |
Jimenes Grullón, Juan Isidro, |
| Dates associated with a name |
1903-1983 |
| Form subdivision |
Entrevistas |
| 650 #4 - SUBJECT ADDED ENTRY--TOPICAL TERM |
| Topical term or geographic name as entry element |
Literatura puertorriqueña |
| General subdivision |
Historia y crítica |
| 700 1# - ADDED ENTRY--PERSONAL NAME |
| Personal name |
Ortiz Ramos, Pablo Marcial |
| Relator term |
editor |
| 910 ## - USER-OPTION DATA (OCLC) |
| User-option data |
VMateo V. Control de calidad (BPMSU) |
| 942 ## - ADDED ENTRY ELEMENTS (KOHA) |
| Source of classification or shelving scheme |
Dewey Decimal Classification |
| Koha item type |
Libros |